Mechanism and theory in food chemistry
Guardat en:
| Autor principal: | |
|---|---|
| Format: | Llibre |
| Idioma: | anglès |
| Publicat: |
Nueva York
Van Nostrand Reinhold
1989
|
| Col·lecció: | <An >Avi Book Series
|
| Matèries: | |
| Etiquetes: |
Afegir etiqueta
Sense etiquetes, Sigues el primer a etiquetar aquest registre!
|
MARC
| LEADER | 00000nam a2200000 a 4500 | ||
|---|---|---|---|
| 001 | UCP6991 | ||
| 003 | CL-VaPUC | ||
| 008 | 991126e19890000US |||||||||||||||||eng|d | ||
| 082 | 0 | 4 | |a 664 |b WON |2 21 |
| 100 | 0 | |a Wong, Dominic W. S |e author |9 436355 | |
| 245 | 1 | 0 | |a Mechanism and theory in food chemistry |
| 300 | |a 428 p | ||
| 942 | |c BK | ||
| 945 | |d 19991126 00:00:00 |a rbrito | ||
| 260 | |a Nueva York |b Van Nostrand Reinhold |c 1989 | ||
| 650 | 7 | |a TECNOLIGIA DE ALIMENTOS |2 CL-VaPUC |9 436356 | |
| 650 | 0 | |a Lípidos |9 306890 | |
| 650 | 7 | |a PROTEINAS |2 CL-VaPUC |9 436357 | |
| 650 | 7 | |a CARBOHIDRATOS |2 CL-VaPUC |9 306793 | |
| 650 | 7 | |a COLORANTES |2 CL-VaPUC |9 436358 | |
| 650 | 0 | |a Enzimas |9 262984 | |
| 650 | 0 | |a Aditivos |9 344454 | |
| 650 | 0 | |a Vitaminas |9 343802 | |
| 583 | |a last modification |c 19991126 00:00:00 |k Rodrigo Vera | ||
| 490 | 0 | |a <An >Avi Book Series | |
| 999 | |c 284363 |d 284361 | ||
| 952 | |0 0 |1 0 |2 ddc |4 0 |6 664_000000000000000_WON_1989 |7 0 |8 A |9 328279 |a BIBALI |b BIBALI |c GEN |d 2019-11-20 |i 3583465 |o 664 WON 1989 |p 3583465 |r 2025-01-20 |w 2019-11-20 |y BK |k ALI | ||